000 00386nam a22001697a 4500
005 20160601112142.0
008 160601b xxu||||| |||| 00| 0 eng d
020 _a978-81-8054-9
041 _aeng
082 _b6702
100 _aGupta, C.B.
_9982
245 _aManagement
260 _aNew Delhi
_bSultan Chand & Sons,
300 _a544
650 _aManagement
_9241
942 _cBK
999 _c2331
_d2330